000 01296nam a2200241Ia 4500
001 22131
003 GE_BSU
008 181216s||||||||xx |||||||||||||| ||und||
020 _a9789941213090
040 _cGE_BSU
245 _aსტივ ჯობსი : [კომპანია Apple-ს დამფუძნებელი]ბიზნესის გენია ტ. 1
245 _cშემდგ. ნათია დოლიძე ; მთ. რედ. ნინო დეკანოსიძე
260 _aთბილისი
260 _bპალიტრაL
260 _c2013
300 _a92 გვ; ფოტ; 20 სმ.
541 _h3ლ.75თ.
653 _aამერიკელი ბიზნესმენები. კომპიუტერული ტექნოლოგიები. ამერიკელი გამომგონებლები. პერსონალური კომპიუტერები.
653 _aეკონომიკა
653 _aკომპიუტერული ტექნოლოგიები
653 _aსტივ ჯობსი : [კომპანია Apple-ს დამფუძნებელი]ბიზნესის გენია ტ. 1
942 _cBK
999 _c55056
_d55056